You Can't Sit With Us!: Countries That Do Not Recognize China (PRC) - Statistics

General Stats
  • This quiz has been taken 700 times
    368 since last reset
  • The average score is 13 of 17
Answer Stats
Sub-Region Countries % Correct
Central America Guatemala
89%
Central America Honduras
87%
Central America Belize
85%
Central America Nicaragua
85%
East Asia Taiwan
82%
Micronesia Palau
79%
South America Paraguay
79%
Caribbean Saint Kitts and Nevis
79%
Caribbean Saint Lucia
79%
Caribbean Saint Vincent and the Grenadines
78%
Micronesia Nauru
77%
Caribbean Haiti
76%
Polynesia Tuvalu
73%
Micronesia Marshall Islands
71%
Southern Africa Eswatini
65%
South Central Asia Bhutan
58%
Southern Europe Vatican
56%
No matching quizzes found
Score Distribution
Percent of People with Each Score
Percentile by Number Answered
Your Score History
You have not taken this quiz since the last reset